Demografía: análisis y proyecciones
Kaydedildi:
| Yazar: | |
|---|---|
| Materyal Türü: | Kitap |
| Dil: | İspanyolca |
| Baskı/Yayın Bilgisi: |
Madrid
Sintesis
1994
|
| Seri Bilgileri: | Colección Espacios y Sociedades. Serie General, 9
|
| Konular: | |
| Etiketler: |
Etiketle
Etiket eklenmemiş, İlk siz ekleyin!
|
MARC
| LEADER | 00000nam a2200000 a 4500 | ||
|---|---|---|---|
| 001 | UCT6545 | ||
| 003 | CL-VaPUC | ||
| 008 | 970113e19940000SP |||||||||||||||||spa|d | ||
| 020 | |a 8477382476 | ||
| 082 | 0 | 4 | |a 304.6 |b VIN |2 21 |
| 100 | 0 | |a Vinuesa Angulo, Julio |e author |9 376762 | |
| 245 | 1 | 0 | |a Demografía: análisis y proyecciones |
| 300 | |a 366 p | ||
| 942 | |c BK | ||
| 945 | |d 19970113 00:00:00 |a nastorga | ||
| 260 | |a Madrid |b Sintesis |c 1994 | ||
| 650 | 0 | |a Demografía |9 260008 | |
| 650 | 0 | |a Población |9 257577 | |
| 650 | 0 | |a Censo |9 336842 | |
| 650 | 0 | |a Medicina |9 258507 | |
| 650 | 7 | |a INDICADORES SOCIALES |2 CL-VaPUC |9 307123 | |
| 650 | 7 | |a MORTALIDAD INFANTIL |2 CL-VaPUC |9 376763 | |
| 650 | 7 | |a NATALIDAD |2 CL-VaPUC |9 357969 | |
| 650 | 7 | |a FECUNDIDAD |2 CL-VaPUC |9 335136 | |
| 650 | 7 | |a NUPCIALIDAD |2 CL-VaPUC |9 376764 | |
| 650 | 0 | |a Migración |9 331531 | |
| 650 | 0 | |a Emigración |9 343094 | |
| 650 | 0 | |a Sexo |9 257818 | |
| 650 | 7 | |a EDAD |2 CL-VaPUC |9 310216 | |
| 583 | |a last modification |c 19970113 00:00:00 |k Rodrigo Vera | ||
| 490 | 0 | |a Colección Espacios y Sociedades. Serie General, 9 | |
| 999 | |c 255234 |d 255232 | ||
| 952 | |0 0 |1 0 |4 0 |6 304_600000000000000_VIN_1994 |7 0 |8 A |9 277379 |a BIBING |b BIBING |d 2019-11-19 |i 3271854 |l 1 |o 304.6 VIN 1994 |p 3271854 |r 2025-01-20 |s 2022-07-08 |w 2019-11-19 |y BK |k GEO | ||
| 952 | |0 0 |1 0 |4 0 |6 304_600000000000000_VIN_1994 |7 0 |8 A |9 277380 |a BIBING |b BIBING |d 2019-11-19 |i 4322908 |l 1 |o 304.6 VIN 1994 |p 4322908 |r 2025-01-20 |s 2022-05-09 |w 2019-11-19 |y BK |k GEO | ||